000 00452pab a2200169 454500
008 180718b2017 xxu||||| |||| 00| 0 eng d
100 _aSanga, Prerna
245 _aRegional divergence and inequalities in India
260 _c2017
300 _ap.102-110.
362 _a7 Jan
650 _aRegional development - India
650 _aRegional development
700 _aShaban, Abdul
773 _aEconomic and Political Weekly
909 _a113393
999 _c113388
_d113388